书目信息 |
| 题名: |
房地产开发经营中的合同问题
|
|
| 作者: | 朱征夫 , 何海东 , 贺玉平 著 | |
| 分册: | ||
| 出版信息: | 北京 法律出版社 2005.06 |
|
| 页数: | 260页 | |
| 开本: | 23cm | |
| 丛书名: | 房地产法实务指导丛书 | |
| 单 册: | ||
| 中图分类: | D923.64 | |
| 科图分类: | ||
| 主题词: | 房地产--fang di chan--合同--基本知识--中国 | |
| 电子资源: | ||
| ISBN: | 7-5036-5612-3 | |
| 000 | 01208nam 2200301 450 | |
| 001 | 012007292772 | |
| 005 | 20071230091717.89 | |
| 010 | @a7-5036-5612-3@dCNY36.00 (含光盘) | |
| 100 | @a20071229d2005 km y0chiy0120 ea | |
| 101 | 0 | @achi |
| 102 | @aCN@b110000 | |
| 105 | @ay z 000yy | |
| 106 | @ar | |
| 200 | 1 | @a房地产开发经营中的合同问题@Afang di chan kai fa jing ying zhong de he tong wen ti@f朱征夫, 何海东, 贺玉平著@Fzhu zheng fu,he hai dong,he yu ping zhu |
| 205 | @a第2版@b修订版 | |
| 210 | @a北京@c法律出版社@d2005.06 | |
| 215 | @a260页@c图@d23cm@e光盘1片 | |
| 225 | 2 | @a房地产法实务指导丛书@Afang di chan fa shi wu zhi dao cong shu@v2 |
| 307 | @a光盘 ISBN: 7-900160-17-5 | |
| 330 | @a本书以房地产开发经营全过程所涉及的十三类合同为主题,通过分析其主要条款和适用中存在的问题,为房地产开发经营与管理过程中的各方利益冲突与平衡点提出解决方案,以利于在实务中避免争议与纠纷。 | |
| 410 | 0 | @12001 @a房地产法实务指导丛书 |
| 606 | 0 | @a房地产@Afang di chan@x合同@x基本知识@y中国 |
| 690 | @aD923.64@v4 | |
| 701 | 0 | @a朱征夫@Azhu zheng fu@4著 |
| 701 | 0 | @a何海东@Ahe hai dong@4著 |
| 701 | 0 | @a贺玉平@Ahe yu ping@4著 |
| 801 | 0 | @aCN@bQSSK@c20071230 |
| 905 | @b275118-20@dD923.64@eZ891@f3 | |
| 房地产开发经营中的合同问题/朱征夫, 何海东, 贺玉平著.-第2版,修订版.-北京:法律出版社,2005.06 |
| 260页:图;23cm+光盘1片.-(房地产法实务指导丛书;2) |
| ISBN 7-5036-5612-3:CNY36.00 (含光盘) |
| 本书以房地产开发经营全过程所涉及的十三类合同为主题,通过分析其主要条款和适用中存在的问题,为房地产开发经营与管理过程中的各方利益冲突与平衡点提出解决方案,以利于在实务中避免争议与纠纷。 |
| ● |
| 相关链接 |
|
|
|
正题名:房地产开发经营中的合同问题
索取号:D923.64/Z891
 
预约/预借
| 序号 | 登录号 | 条形码 | 馆藏地/架位号 | 状态 | 备注 |
| 1 | 275118 | 202751183 | 社科库509/509社科库 94排2列1层/ [索取号:D923.64/Z891] | 在馆 | |
| 2 | 275119 | 202751192 | 社科库509/509社科库 94排2列1层/ [索取号:D923.64/Z891] | 在馆 | |
| 3 | 275120 | 202751209 | 社科库509/509社科库 94排2列1层/ [索取号:D923.64/Z891] | 在馆 |